Statistics for Guess the Noah Kahan song (1)

Click here to take the quiz!

General Stats

  • This quiz has been taken 334 times
  • The average score is 160 of 384

Answer Stats

Answer% Correct
a
95%
i
93%
I
93%
You
90%
you
90%
the
81%
The
81%
love
70%
go
69%
your
68%
me
67%
all
66%
and
66%
to
65%
we
64%
We
64%
when
63%
be
60%
for
59%
on
59%
then
54%
It
53%
it
53%
So
53%
so
53%
where
52%
or
50%
at
48%
far
48%
you're
48%
You're
48%
is
47%
time
47%
are
46%
was
45%
got
44%
in
43%
light
41%
only
41%
as
40%
gonna
39%
here
38%
saw
38%
up
38%
who
38%
car
37%
hand
37%
red
37%
This
36%
this
36%
thing
35%
ain't
34%
prayin'
34%
they
33%
destination
32%
heart
32%
still
32%
it's
31%
angry
30%
get
30%
lost
30%
know
29%
of
29%
pack
29%
will
29%
forever
28%
good
28%
if
28%
If
28%
fine
27%
die
26%
die?
26%
feel
26%
greatest
26%
land
26%
Well
26%
we'll
26%
conversation
25%
put
25%
say
25%
Say
25%
sound
24%
you'll
24%
babe
23%
mind
23%
normal
23%
strong
23%
we've
23%
young
23%
make
22%
whatever
22%
wherever
22%
birds
21%
from
21%
kids
21%
sing
21%
folks
20%
smile
20%
takes
20%
college
19%
fault
19%
fight
19%
hard
19%
leaves
19%
We're
19%
with
19%
gettin'
18%
had
18%
calculations
17%
shit
17%
they're
17%
creak
16%
lies
16%
Makin'
16%
their
16%
things
16%
waitin'
16%
but
15%
just
15%
makes
15%
spray
15%
yard
15%
drivin'
14%
paint
14%
by
13%
clean
13%
correctin'
13%
grammar
13%
Yes
13%
after
12%
drunk
12%
frat
12%
tired
12%
would
12%
atleast
11%
boards
11%
boys
11%
even
11%
gave
11%
nightfall
11%
while
11%
brights
9%
town
9%
waiting
8%
wanna
8%
won't
8%
quite
7%
always
6%
down
6%
gotta
6%
told
6%
foot
5%
hell
5%
living
5%
long
5%
step
5%
sure
5%
that's
5%
difference
4%
likes
4%
outside
4%
overdue
4%
own
4%
revival
4%
shut
4%
survival
4%
about
3%
spent
3%
volition
3%
deadling
2%
ooh-ooh
2%

Score Distribution

Percentile by Number Answered

Percent of People with Each Score

Your Score History

You have not taken this quiz